Loading...
| Fine Arts - Classical Music | 0 | 6 | 2 | 0 | 50 | 22 | 53.17 | 6 | 6 | 30.75 | 54.55 |
| Science - Physics | 0 | 4 | 0 | 0 | 40 | 66 | 83.25 | 1 | 4 | 10.68 | 28.79 |
| History - Other | 0 | 4 | 0 | 1 | 40 | 83 | 103.50 | 1 | 2 | 6.72 | 18.18 |
| Science - Other | 0 | 4 | 0 | 0 | 40 | 48 | 62.50 | 1 | 3 | 17.87 | 22.42 |
| History - World | 0 | 4 | 0 | 1 | 40 | 33 | 92.75 | 1 | 3 | 11.14 | 22.12 |
| History - American | 0 | 4 | 1 | 1 | 35 | 58 | 77.25 | 2 | 3 | 13.40 | 30.30 |
| Religion | 0 | 3 | 0 | 0 | 30 | 77 | 97.67 | 1 | 2 | 6.80 | 19.70 |
| Fine Arts - Other | 0 | 3 | 0 | 0 | 30 | 74 | 98.67 | 2 | 3 | 6.83 | 24.24 |
| History - European | 0 | 3 | 1 | 1 | 25 | 70 | 98.33 | 0 | 2 | 6.39 | 10.61 |
| Philosophy | 0 | 2 | 0 | 0 | 20 | 107 | 116.00 | 0 | 0 | 0.33 | 6.06 |
| Current Events | 0 | 1 | 0 | 0 | 10 | 78 | 78.00 | 0 | 1 | 17.50 | 41.67 |
| Literature - American | 0 | 1 | 0 | 0 | 10 | 93 | 93.00 | 0 | 1 | 3.14 | 7.58 |
| Literature - British | 0 | 1 | 0 | 0 | 10 | 25 | 25.00 | 1 | 1 | 7.52 | 7.58 |
| Mythology | 0 | 1 | 0 | 0 | 10 | 92 | 92.00 | 0 | 0 | 2.99 | 3.03 |
| Other Academic | 0 | 1 | 0 | 0 | 10 | 58 | 58.00 | 0 | 0 | 16.81 | 11.11 |
| Popular Culture | 0 | 1 | 0 | 0 | 10 | 127 | 127.00 | 0 | 0 | 2.80 | 8.33 |
| Science - Biology | 0 | 1 | 0 | 0 | 10 | 73 | 73.00 | 0 | 1 | 3.32 | 6.06 |
| Science - Chemistry | 0 | 2 | 2 | 0 | 10 | 72 | 75.00 | 1 | 1 | 6.01 | 12.12 |
| Social Science | 0 | 1 | 1 | 1 | 5 | 76 | 76.00 | 0 | 1 | 2.18 | 4.55 |